000
00245nam a22001097a 4500
003
OSt
008
250103b |||||||| |||| 00| 0 eng d
041
_a
eng
100
_a
Kulkarni
_9
6731
245
_a
Text Book of Building Construction
942
_c
BK
999
_c
18885
_d
18885